5HLuxD.jpg

KING HENRY VIII SENIOR AND PRIMARY SCHOOL LIBRARY OPAC

A swiftly tilting planet / (Record no. 958)

000 -LEADER
fixed length control field 01578cam a2200397 a 4500
001 - CONTROL NUMBER
control field 005352322
003 - CONTROL NUMBER IDENTIFIER
control field OCoLC
005 - DATE AND TIME OF LATEST TRANSACTION
control field 20200107111047.0
008 - FIXED-LENGTH DATA ELEMENTS--GENERAL INFORMATION
fixed length control field 070521r20071978nyuac j 000 1 eng d
020 ## - INTERNATIONAL STANDARD BOOK NUMBER
International Standard Book Number 9780312368562
Qualifying information (pbk.)
035 ## - SYSTEM CONTROL NUMBER
System control number (OCoLC)132693132
Canceled/invalid control number (OCoLC)236359123
-- (OCoLC)671656350
-- (OCoLC)671719215
040 ## - CATALOGING SOURCE
Original cataloging agency NKMU
Language of cataloging eng
Transcribing agency NKMU
Modifying agency NKMU
042 ## - AUTHENTICATION CODE
Authentication code nbic
082 ## - DEWEY DECIMAL CLASSIFICATION NUMBER
Classification number FIC LEN
100 1# - MAIN ENTRY--PERSONAL NAME
Personal name L'Engle, Madeleine.
Relator term author
245 12 - TITLE STATEMENT
Title A swiftly tilting planet /
Statement of responsibility, etc. Madeleine L'Engle.
250 ## - EDITION STATEMENT
Edition statement 1st Square Fish ed.
260 ## - PUBLICATION, DISTRIBUTION, ETC.
Place of publication, distribution, etc. New York :
Name of publisher, distributor, etc. Square Fish,
Date of publication, distribution, etc. 2007, c1978.
300 ## - PHYSICAL DESCRIPTION
Extent 309 p. :
Other physical details ill., port. ;
Dimensions 20 cm.
440 ## - SERIES STATEMENT/ADDED ENTRY--TITLE
Title The time quintet ;
Number of part/section of a work Book 3.
500 ## - GENERAL NOTE
General note "Originally published by Farrar, Straus and Giroux"--Title page verso.
520 ## - SUMMARY, ETC.
Summary, etc. Fifteen-year-old Charles Wallace Murry and the unicorn Gaudior must travel through time and space in a battle against an evil dictator who would destroy the entire universe. Includes an interview with the author.
650 #0 - SUBJECT ADDED ENTRY--TOPICAL TERM
Topical term or geographic name entry element Brothers and sisters
Form subdivision Juvenile fiction.
650 #0 - SUBJECT ADDED ENTRY--TOPICAL TERM
Topical term or geographic name entry element Good and evil
Form subdivision Juvenile fiction.
650 #0 - SUBJECT ADDED ENTRY--TOPICAL TERM
Topical term or geographic name entry element Murry family (Fictitious characters)
Form subdivision Juvenile fiction.
650 #0 - SUBJECT ADDED ENTRY--TOPICAL TERM
Topical term or geographic name entry element Nuclear warfare
Form subdivision Juvenile fiction.
650 #0 - SUBJECT ADDED ENTRY--TOPICAL TERM
Topical term or geographic name entry element Science fiction
Form subdivision Juvenile fiction.
650 #0 - SUBJECT ADDED ENTRY--TOPICAL TERM
Topical term or geographic name entry element Space and time
Form subdivision Juvenile fiction.
650 #0 - SUBJECT ADDED ENTRY--TOPICAL TERM
Topical term or geographic name entry element Time travel
Form subdivision Juvenile fiction.
650 #1 - SUBJECT ADDED ENTRY--TOPICAL TERM
Topical term or geographic name entry element Gifted teenagers
Form subdivision Fiction.
650 #1 - SUBJECT ADDED ENTRY--TOPICAL TERM
Topical term or geographic name entry element Good and evil
Form subdivision Fiction.
650 #1 - SUBJECT ADDED ENTRY--TOPICAL TERM
Topical term or geographic name entry element Science fiction.
650 #1 - SUBJECT ADDED ENTRY--TOPICAL TERM
Topical term or geographic name entry element Time travel
Form subdivision Fiction.
650 #1 - SUBJECT ADDED ENTRY--TOPICAL TERM
Topical term or geographic name entry element Unicorns
Form subdivision Fiction.
942 ## - ADDED ENTRY ELEMENTS (KOHA)
Source of classification or shelving scheme
Koha item type Books - Fiction
Holdings
Withdrawn status Lost status Source of classification or shelving scheme Damaged status Not for loan Collection code Permanent Location Current Location Shelving location Date acquired Total Checkouts Full call number Barcode Date last seen Date last checked out Price effective from Koha item type
          Fiction KH8 Senior School Library KH8 Senior School Library Fiction 2020-01-07 1 FIC LEN 3KHSL000101707 2024-07-17 2020-01-21 2020-01-07 Books - Fiction

Powered By KH8 IT Dept